书目信息 |
| 题名: |
医护化学:普通、有机、生物化学
|
|
| 作者: | 黄添铨 著 | |
| 分册: | ||
| 出版信息: | 北京 科学技术文献出版社 2000.01 |
|
| 页数: | 662页 | |
| 开本: | 16开 | |
| 丛书名: | ||
| 单 册: | ||
| 中图分类: | R113 | |
| 科图分类: | ||
| 主题词: | 卫生学:基础理论 | |
| 电子资源: | ||
| ISBN: | 7-5023-3438-6 | |
| 000 | 00595nam0 2200193 45 | |
| 001 | 0012040918 | |
| 005 | 20001204094209.9 | |
| 010 | @a7-5023-3438-6@d65.00元 | |
| 100 | @a20001204d2000 km y0chiy0120 ea | |
| 101 | 0 | @achi |
| 105 | @a z 000yy | |
| 200 | 1 | @a医护化学:普通、有机、生物化学@AYi Hu Hua Xue:Pu Tong、You Ji、Sheng Wu Hua Xue@f黄添铨等著@FHuang Tian Quan Deng Zhu |
| 210 | @a北京@c科学技术文献出版社@d2000.01 | |
| 215 | @a662页@d16开 | |
| 606 | 0 | @a卫生学:基础理论 |
| 690 | @aR113@v3 | |
| 701 | 0 | @a黄添铨@4著 |
| 801 | @aCN@bPftUser@c20001204 | |
| 905 | @b512589-590@dR113@eH796@f2 | |
| 医护化学:普通、有机、生物化学/黄添铨等著.-北京:科学技术文献出版社,2000.01 |
| 662页;16开 |
| ISBN 7-5023-3438-6:65.00元 |
| ● |
| 相关链接 |
|
|
|
正题名:医护化学:普通、有机、生物化学
索取号:R113/H796
 
预约/预借
| 序号 | 登录号 | 条形码 | 馆藏地/架位号 | 状态 | 备注 |
| 1 | 512589 | 205125899 | 自科库401/401自科库 103排3列3层/ [索取号:R113/H796] | 在馆 | |
| 2 | 512590 | 205125906 | 自科库401/401自科库 103排3列3层/ [索取号:R113/H796] | 在馆 |